000 00744nam a2200181 i 4500
001 152376
003 ES-MaACL
005 20230906204717.0
008 981216s1864 fr |||| | fre d
100 1 _aBonneville de Marsangy, Arnould (
_d1802-1894)
_9126070
245 1 0 _aDe l'amélioration de la loi criminelle
_b: en vue d'une justice plus prompte, plus efficace, plus généreuse et plus moraisante /
_cpar Bonneville de Marsangy.
260 _aParis :
_bCotillon :
_bCosse & Marchal,
_c1864.
300 _a2 v. (XXXIV-732 p., XXX-700 p.) ;
_c23 cm.
597 _aAntep.
650 4 _aDerecho penal-
_zFrancia.
_9155135
852 _aES-MaACL
_jG-8138-39
_z- Enc. hol.
852 _aES-MaACL
_jD-205-06
_z- Enc. hol.
_z. - Donativo Lastres
999 _c152376
_d152376